000 00257nam a2200097Ia 4500
008 190216s9999||||xx |||||||||||||| ||und||
100 _aDakshina Murthy
245 0 _a"English Kalpanikatha Adya Gattam,Randam Gattam"
260 _bBhasha Institute
942 _cBK
999 _c40418
_d40418